000 00474nmc a2200181 a 4500
003 AR-X00000XY
005 20251128212019.0
008 127020s1967 ||||||||||||||000 | spa||
040 _cAR-X00000XY
100 1 _aPotocki, Jan
245 1 0 _aManuscrito encontrado en Zaragoza
260 _aBuenos Aires
_bEdiciones Minotauro
_c1967
490 0 _aColección Metamorfosis
655 _aLITERATURA
700 1 _aBianco, José
_etraductor
942 _cBK
998 _cmartin
999 _c22072
_d22072